| Поле | Название | Значение |
| |
Тип записи |
a |
| |
Библиографический уровень |
m |
| 001 |
Контрольный номер |
RU\NLR\BIBL_A\012340722 |
| 005 |
Дата корректировки |
20201221142600.3 |
| 010 |
Индекс ISBN |
__ |
| a |
ISBN |
978-5-235-04328-2 (в пер.) |
| d |
Цена |
881-00, 3000 экз. |
| 021 |
№ государственной регистрации |
__ |
| b |
№ документа |
2020-27088 |
| 100 |
Данные общей обработки |
__ |
| a |
Данные общей обработки |
19200921d2020 |||y0rusy0189 ca |
| 101 |
Язык документа |
0_ |
| a |
Язык текста |
rus |
| 102 |
Страна публикации |
__ |
| a |
Страна публикации |
RU |
| 102 |
Страна публикации |
__ |
| a |
Страна публикации |
RU |
| 105 |
Кодированные данные (монография) |
__ |
| a |
Кодированные данные (монография) |
ac||||||0||zy |
| 200 |
Заглавие и сведения об ответственности |
1_ |
| a |
Заглавие |
Федюнинский |
| f |
Первые сведения об ответственности |
Сергей Михеенков |
| 203 |
Вид содержания и тип средства |
__ |
| a |
Вид содержания |
Текст |
| c |
Тип средства |
непосредственный |
| 210 |
Выходные данные |
__ |
| a |
Место издания |
Москва |
| c |
Издательство |
Молодая гвардия |
| d |
Дата издания |
2020 |
| 215 |
Физическое описание |
__ |
| a |
Объем |
373, [2] с., [16] л. ил. |
| c |
Иллюстрации/тип воспроизводства |
портр., факс. |
| d |
Формат |
21 см |
| 225 |
Серия |
__ |
| a |
Серия |
Жизнь замечательных людей: Серия биографий |
| v |
Обозначение тома |
вып. 2005 (1805) |
| 320 |
Библиография |
__ |
| a |
Библиография |
Библиография в конце книги |
| 327 |
Примечание о содержании |
__ |
| a |
Примечание о содержании |
Повесть о брате / Анатолий Федюнинский |
| 330 |
Аннотация |
__ |
| a |
Аннотация |
Это был удивительный полководец - солдатский генерал, не покидавший окопов передней линии фронта, искусный тактик, талантливый организатор. Генерал Иван Иванович Федюнинский, коренной сибиряк из семьи староверов, начав военную карьеру рядовым красноармейцем, в годы Великой Отечественной войны командовал войсками стрелкового корпуса, армии, фронта. Именно он вернул боевую славу 2-й ударной армии и довел ее до Балтийского моря, где вместе со своими солдатами встретил Победу. Военный писатель и историк Сергей Михеенков в живой манере повествует о судьбе генерала, о времени, в которое выпало жить и действовать его героям. Новые сведения о важнейших сражениях, в которых участвовал генерал Федюнинский, впервые публикуемые архивные документы значительно дополняют биографию главного героя книги. |
| 600 |
Персоналии |
__ |
| a |
Персоналии (Фамилия) |
Федюнинский, И. И. |
| c |
Дополнение к имени |
военачальник советский |
| f |
Даты |
1900-1977 |
| g |
Полное имя |
Иван Иванович |
| 606 |
Тематические рубрики |
__ |
| a |
Основная рубрика |
Военное дело |
| 606 |
Тематические рубрики |
__ |
| a |
Основная рубрика |
Вооруженные силы СССР и России |
| 610 |
Ключевые слова |
__ |
| a |
Ключевые слова |
персоналии |
| 610 |
Ключевые слова |
__ |
| a |
Ключевые слова |
биографии |
| 610 |
Ключевые слова |
__ |
| a |
Ключевые слова |
военачальники |
| 610 |
Ключевые слова |
__ |
| a |
Ключевые слова |
генералы |
| 610 |
Ключевые слова |
__ |
| a |
Ключевые слова |
участники ВОВ |
| 610 |
Ключевые слова |
__ |
| a |
Ключевые слова |
полководцы |
| 610 |
Ключевые слова |
__ |
| a |
Ключевые слова |
военные сражения |
| 610 |
Ключевые слова |
__ |
| a |
Ключевые слова |
стрелковые дивизии |
| 610 |
Ключевые слова |
__ |
| a |
Ключевые слова |
Великая Отечественная война |
| 610 |
Ключевые слова |
__ |
| a |
Ключевые слова |
генералы |
| 610 |
Ключевые слова |
__ |
| a |
Ключевые слова |
военные деятели |
| 686 |
Индексы других классификаций |
__ |
| 2 |
Код системы |
rubbks |
| a |
Классификационный индекс |
68.424.3(2)д; ст68.4(2)д |
| 700 |
Автор |
_1 |
| a |
Фамилия |
Михеенков |
| b |
Имя |
С. Е. |
| f |
Даты |
1955- |
| g |
Полное личное имя |
Сергей Егорович |
| 4 |
Код отношения |
070 |
| 702 |
Вторичная интеллектуальная ответственность |
_1 |
| a |
Фамилия |
Федюнинский |
| b |
Имя |
А. И. |
| 4 |
Код отношения |
Автор |
| g |
Полное личное имя |
Анатолий Иванович |
| 4 |
Код отношения |
070 |
| 801 |
Источник записи |
_0 |
| a |
Страна |
RU |
| b |
Организация |
NLR |
| c |
Дата составления |
20200921 |
| g |
Правила каталогизации |
PSBO |
| 801 |
Источник записи |
_2 |
| a |
Страна |
RU |
| b |
Организация |
Муниципальное бюджетное учреждение культуры "Централизованная библиотечная система" г. Сургут (Центральная городская библиотека им. А. С. Пушкина) |
| c |
Дата составления |
20200921 |
| 852 |
Данные о местонахождении |
__ |
| j |
Шифр хранения |
68.424.3(2)д |
| i |
Авторский знак |
М 69 |
| 901 |
Тип документа |
__ |
| a |
Ответственный |
КиК/Котельникова |
| t |
Тип документа |
m |
| 903 |
Характеристики (МАРС) |
__ |
| a |
Дата передачи |
20201028 |
| 911 |
|
__ |
| u |
|
336a=Текст |
| 911 |
|
__ |
| u |
|
337a=непосредственный |
| 990 |
Данные о заказе (DOS) |
__ |
| j |
Количество экземпляров (DOS) |
8 |
| t |
N записи в КСУ для И/У (DOS) |
202011 |